header

Robert Southey (Record no. 68067)

MARC details
000 -LEADER
fixed length control field 01190nam a2200325Ia 4500
245 00 - TITLE STATEMENT
Title Robert Southey
260 ## - PUBLICATION, DISTRIBUTION, ETC. (IMPRINT)
Place of publication London,
-- Boston :
Name of publisher Routledge and K. Paul,
Year of publication 1972.
300 ## - PHYSICAL DESCRIPTION
Number of Pages xix, 492 p.
490 1# - SERIES STATEMENT
Series statement The Critical heritage series
650 #0 - SUBJECT ADDED ENTRY--TOPICAL TERM
Topical Term English literature.
700 1# - ADDED ENTRY--PERSONAL NAME
Personal name Madden, Lionel.
856 40 - ELECTRONIC LOCATION AND ACCESS
Uniform Resource Identifier http://site.ebrary.com/lib/rucke/Doc?id=10058067

No items available.

© 2026 Rongo University
Contact us: librarian | system librarian | Rongo university